000 00335nam a2200157Ia 4500
100 _aAklekar/Rajendra B
650 _aBiography
942 _cBK
366 _f20
654 _abiography
245 _aIndia's Railway Man: Biography of E.Sreedharan
260 _bRupa
_c2017
082 _bAKL
300 _a253
546 _aENGLISH
999 _c33305
_d33305